01304nac a22002897a 4500001001000000003000900010005001700019008003400036040005400070072000800124090001900132100001600151100001900167110007600186245015900262246015900421260003400580300000900614490011200623650001600735650002100751650001300772909004700785942001700832999001900849952014600868BR8400438BR-BrBNA20240105115927.0230509b bl.|||m| |||| 00| 0 por d aBR-BrBNAbporcBiblioteca Nacional de Agricultura aH20 a2480 BR84004381 aDutra, L.G.1 aGasparotto, L.1 aCentro Nacional de Pesquisa da Seringueira e Dende, Manaus, AM (Brasil)1 aEfeitos do potassio sobre o desenvolvimento "in vitro" do Thanatephorus cucumeris (Frank)Donk, agente causal da mancha areolada da seringueira (Hevea spp)1 a[Effects of potassium on the development "in vitro" of Thanatephorus cucumeris (Frank)Donk, causal agent of the areolate spot of rubber plant (Hevea spp)]3 aManaus, AM (Brasil): c1983.  a4 p. aPesquisa em Andamento - Centro Nacional de Pesquisa da Seringueira e Dende (Brazil)vno. 17xISSN 0101-2118 aSERINGUEIRA aMANCHA AUREOLADA aPOTASSIO a202312bLúcia Elandec55dLúcia Elande 2AGRISn0cMS c277115d277115 002AGRIS40708Acervo Gerala41918b41918cAGROBASEl0o2480 BR8400438p2480 BR8400438r2023-12-18yMSePortaria Interministerial nº 164/94